LIBER QUINTUS DECRETALIUM GREGORII PAPAE IX. In Alma Archi-Episcopali Universitate Salisburgensi DISPUTATIONI PUBLICAE PROPOSITUS, AUTHORE ET PRAESIDE P. BENEDICTO SCHMIER, Ord. S. Benedicti, ex Libero-Exempto-Imperiali Monast. Ottoburano SS. Theol. & J.U. Doctore, nec non Sacrorum Canonum Professore Ordinario, Celsissimi ac Reverendissimi Archi-Episcopi & S. R. I. Principis Salisburg. &c. &c. Consiliario Ecclesiastico, ET Post superatum rigorosum Juris Utriusque tentamen et Examen PRO SUPREMA EJUSDEM LAUREA PROPUGNATUS DEFENSORE PRAENOBILI ET DOCTISSIMO DOMINO FRANCISCO BERNARDO UNGER, Silesio Oderensi, J. U. Candidato

Hlavní autor: Schmier, Benedict, 1682-1744
Další autoři: Řehoř IX., papež, asi 1170-1241, Unger, Franciscus Bernardus, Ziegler, Ambrosius, 1684-1739
Jazyk: Latina
Vydáno: SALISBURGI : Typis Joannis Josephi Mayr, Aulico-Academici Typographi & Bibliopolae, 1718
Témata:
Externí odkaz: Digitalizovaný exemplář bavorské knihovny
Fyzický popis: [8], 247, [9] s. ; 4°
Knihy
Uloženo v:
LEADER 02465nam a2200469 a 4500
001 mzk03001209199
003 CZ BrMZK
005 20161213082445.0
007 ta
008 141027s1718 au fr|||||00| ||lat|d
040 |a BOA001  |b cze 
072 7 |a 2-74  |x Náboženské právo. Církevní právo  |2 Konspekt  |9 5 
072 7 |a 094  |x Staré tisky  |2 Konspekt  |9 12 
080 |a 27-74  |2 MRF 
080 |a 348  |2 MRF 
080 |a 025.171  |2 MRF 
080 |a (0.068)094  |2 MRF 
100 1 |a Schmier, Benedict,  |d 1682-1744  |7 mzk2009511115  |4 aut 
245 1 0 |a LIBER QUINTUS DECRETALIUM GREGORII PAPAE IX. In Alma Archi-Episcopali Universitate Salisburgensi DISPUTATIONI PUBLICAE PROPOSITUS, AUTHORE ET PRAESIDE P. BENEDICTO SCHMIER, Ord. S. Benedicti, ex Libero-Exempto-Imperiali Monast. Ottoburano SS. Theol. & J.U. Doctore, nec non Sacrorum Canonum Professore Ordinario, Celsissimi ac Reverendissimi Archi-Episcopi & S. R. I. Principis Salisburg. &c. &c. Consiliario Ecclesiastico, ET Post superatum rigorosum Juris Utriusque tentamen et Examen PRO SUPREMA EJUSDEM LAUREA PROPUGNATUS DEFENSORE PRAENOBILI ET DOCTISSIMO DOMINO FRANCISCO BERNARDO UNGER, Silesio Oderensi, J. U. Candidato 
246 3 |a Decretalium Gregorii Papae IX. 
260 |a SALISBURGI :  |b Typis Joannis Josephi Mayr, Aulico-Academici Typographi & Bibliopolae,  |c 1718 
300 |a [8], 247, [9] s. ;  |c 4° 
500 |a Výzdoba: Nad impresem linka, vlysy, iniciály, viněty, text tištěn dvousloupcově 
501 |a Přívazek 2 k 3. dílu téhož titulu 
510 3 |a DNB 
610 2 7 |a Katolická církev.  |t Decretales Gregorii IX.  |7 kon2014807420  |2 czenas 
650 7 |a kanonické právo  |7 ph114862  |2 czenas 
650 7 |a historické knihovní fondy  |7 ph172933  |2 czenas 
655 7 |a staré tisky  |7 fd422076  |2 czenas 
700 0 |a Řehoř  |b IX.,  |c papež,  |d asi 1170-1241  |7 ola2002153699  |4 ant 
700 1 |a Unger, Franciscus Bernardus  |4 aut 
700 1 |a Ziegler, Ambrosius,  |d 1684-1739  |7 mzk2016936160  |4 cns 
856 4 1 |u http://reader.digitale-sammlungen.de/resolve/display/bsb11026857.html  |y Digitalizovaný exemplář bavorské knihovny 
903 |a RP 
910 |e BOE950  |c R - H. I. e. 3,přív.2 
978 |b Mayr, Johann Joseph  |a Salzburg  |c 1718 
984 |a Salcburk  |b Rakousko 
985 |a 1701-1750 
990 |a BK 
996 |e BOE950  |c R - H. I. e. 3,přív.2 
991 |k rajhrad 
994 |a UP  |l MZK03  |b 001209197  |m přívazek 2  |n záznam 1. díla (pro objednání pokračujte kliknutím)